| 000 | 01065 a2200217 4500 | ||
|---|---|---|---|
| 003 | Nust | ||
| 005 | 20170207153547.0 | ||
| 010 | _a 90062866 | ||
| 020 | _a0672484692 : | ||
| 040 | _cNust | ||
| 082 | 0 | 0 | _a005.43 |
| 100 | 1 | _aSmith, Ben. | |
| 245 | 1 | 0 |
_aUNIX step-by-step / _cBen Smith ; consulting editors, Stephen G. Kochan and Patrick H. Wood. |
| 250 | _a1st ed. | ||
| 260 |
_aCarmel, IN : _bHoward W. Sams, _cc1990. |
||
| 300 |
_axviii, 442 p. : _bill. ; _c24 cm. |
||
| 500 | _a"Covers AT&T system V through Release 4"--Cover. | ||
| 505 | _aIntroduction To UNIX (Page-1), Getting Started (Page-15), User Interfaces (Page-29), Files (Page-51), The Standard Editor (Page-101), Editing With Emacs (Page-139), Processes (Page-165), A Collection Of Utilities (Page-195), Networks, File Transfers And Comm. (Page-233), Advanced Utilities (Page-265), Basic Shell Scripts And The Shell Environment (Page-299), Advanced Shell Scripts (Page-329), Programming The Other Shells (Page-359). | ||
| 538 | _aAlmirah No.7 Shelf No.5 | ||
| 650 | 0 | _aOperating systems (Computers) | |
| 942 |
_2ddc _cBK |
||
| 999 |
_c188703 _d188703 |
||